000 00883cam a22002651 4500
001 gs 58000034
003 DLC
005 20260227111406.0
008 760614s1957 xx 000 0 eng c
010 _ags 58000034
035 _a(OCoLC)2226921
040 _aU.S. Geol. Survey Libr.
_cScCC
_dDLC
050 0 0 _aQE185
_b.A2 no. 284
051 _aQE196.Y8
_bB6
082 _a557.1
100 1 _aBostock, H. S.
_q(Hugh Samuel),
_d1901-
_ecomp.
245 1 0 _aYukon Territory;
_bselected field reports of the Geological Survey of Canada, 1898 to 1933.
260 _aOttawa,
_bE. Cloutier, Queen's Printer,
_c1957.
300 _a650 p.
_bmaps (3 fold. col. in pocket) tables.
_c25 cm.
410 2 0 _aGeological Survey of Canada.
_tMemoir
_v284
504 _aBibliographical footnotes.
650 0 _aGeology
_zYukon.
651 0 _aYukon.
650 0 _aMines and mineral resources
_zYukon.
999 _c29209
_d29209